Автоматизация проектирования и исследования электроприводов: учебное пособие

Xehetasun bibliografikoak
Egile nagusia: Нуждин В. Н. Владимир Николаевич
Hizkuntza:errusiera
Argitaratua: Иваново, 1978
Gaiak:
Formatua: Liburua
KOHA link:https://koha.lib.tpu.ru/cgi-bin/koha/opac-detail.pl?biblionumber=24463

MARC

LEADER 00000nam0a2200000 4500
001 24463
005 20231030200226.0
035 |a (RuTPU)RU\TPU\book\24692 
035 |a BOOK00002457 
090 |a 24463 
100 |a 20011209d1978 m y0rusy50 ca 
101 0 |a rus 
102 |a RU 
105 |a y j 000zy 
200 1 |a Автоматизация проектирования и исследования электроприводов  |e учебное пособие  |f В. Н. Нуждин 
210 |a Иваново  |d 1978 
215 |a 79 с. 
610 1 |a электроприводы 
610 1 |a проектирование 
610 1 |a автоматизация 
610 1 |a исследование 
610 1 |a учебные пособия 
675 |a 62-83-52(075.8)  |v 3 
700 1 |a Нуждин  |b В. Н.  |g Владимир Николаевич 
801 0 |a RU  |b 63413507  |c 20011209  |g PSBO 
801 2 |a RU  |b 63413507  |c 20081211  |g PSBO 
942 |c BK